Psychiatric nursing / (Record no. 29857)
[ view plain ]
| 000 -LEADER | |
|---|---|
| fixed length control field | 00915nam a2200253 a 4500 |
| 001 - CONTROL NUMBER | |
| control field | 29857 |
| 003 - CONTROL NUMBER IDENTIFIER | |
| rucl marc code | BD-RjUL |
| 005 - DATE AND TIME OF LATEST TRANSACTION | |
| control field | 20211209051455.0 |
| 008 - FIXED-LENGTH DATA ELEMENTS--GENERAL INFORMATION | |
| fixed length control field | 140407s1963 stka b 001 0 eng d |
| 035 ## - SYSTEM CONTROL NUMBER | |
| System control number | (BD-RjUL)29942 |
| 040 ## - CATALOGING SOURCE | |
| Original cataloging agency | NUN |
| Language of cataloging | eng |
| Transcribing agency | NUN |
| Modifying agency | NNCU:A |
| -- | BD-RjUL |
| 041 ## - LANGUAGE CODE | |
| Language code of text/sound track or separate title | eng |
| 082 04 - DEWEY DECIMAL CLASSIFICATION NUMBER | |
| Classification number | 610.7368 |
| Edition number | 19 |
| Author mark and year | MAP 1963 |
| 100 1# - MAIN ENTRY--PERSONAL NAME | |
| Personal name | Maddison, David, |
| Dates associated with a name | 1927-1981. |
| 9 (RLIN) | 90846 |
| 245 10 - TITLE STATEMENT | |
| Title | Psychiatric nursing / |
| Statement of responsibility, etc. | by David Maddison, Patricia Day and Bruce Leabeater ; with additional chapters by Alan Jenning and Millie Mills ; foreword by W.H. Trethowan ; illustrated by Bernard Hesling. |
| 260 ## - PUBLICATION, DISTRIBUTION, ETC. (IMPRINT) | |
| Place of publication, distribution, etc. | Edinburgh : |
| Name of publisher, distributor, etc. | Livingstone, |
| Date of publication, distribution, etc. | 1963. |
| 300 ## - PHYSICAL DESCRIPTION | |
| Pagination | xi, 511 p. : |
| Illustrations | ill. ; |
| Size | 23 cm. |
| 504 ## - BIBLIOGRAPHY, ETC. NOTE | |
| Bibliography, etc | Bibliography: p. 492-496.and index. |
| 650 #0 - SUBJECT ADDED ENTRY--TOPICAL TERM | |
| Topical term or geographic name as entry element | Psychiatric nursing. |
| 9 (RLIN) | 18645 |
| Topical term or geographic name as entry element | Psychiatric nursing. |
| 9 (RLIN) | 18645 |
| 700 1# - ADDED ENTRY--PERSONAL NAME | |
| Personal name | Day, Patricia. |
| Personal name | Leabeater, Bruce. |
| 942 ## - ADDED ENTRY ELEMENTS (KOHA) | |
| Source of classification or shelving scheme | Dewey Decimal Classification |
| Koha item type | Books |
| Lost status | Source of classification or shelving scheme | Damaged status | Not for loan | Collection code | Permanent Location | Current Location | Shelving location | Date acquired | Source of acquisition | Cost, normal purchase price | Total Checkouts | Full call number | Date last seen | Copy number | Koha item type |
|---|---|---|---|---|---|---|---|---|---|---|---|---|---|---|---|
| Dewey Decimal Classification | Added to bundle | Non-fiction | Central Library, University of Rajshahi | Central Library, University of Rajshahi | Reading Room | 21/09/1965 | Zeitlinger. | 40.00 | 610.7368 MAP 1963 | 07/04/2014 | C-1 | Books |